| 000 | 01405 a2200217 4500 | ||
|---|---|---|---|
| 001 | 23933 | ||
| 005 | 20260407155525.0 | ||
| 008 | 260407a2013 arg spa d | ||
| 003 | AR-UNSa-BCEJYS | ||
| 040 |
_aAR-UNSa-BCEJYS _bspa _cAR-UNSa-BCEJYS |
||
| 080 |
_a343.12 _xPartes. Denuncias. Querellas. Reclamaciones. Defensa |
||
| 245 | 1 | 0 |
_aDetenidos en prisión preventiva _pjornadas de temática carcelaria |
| 020 | _a978-987-03-2509-3 | ||
| 264 | 1 |
_aBuenos Aires : _bUniversidad de Buenos Aires. Facultad de Derecho. Departamento de Publicaciones _c2013 |
|
| 300 |
_a301 p. _c24 cm. |
||
| 505 | _a1. Cómo surgieron estas jornadas - 2. Palabras inaugurales apertura de las jornadas - 3. Conferencia acerca de los derechos de las personas privadas de la libertad - 4. Cuestiones vinculadas al cumplimiento de la prisión preventiva: marco normativo, la realidad carcelaria - 5. Discriminación: cuestiones de género. La problemática de los extranjeros - 6. Madres con hijos. Niñez y prisión. La situación de los familiares - 7. Educación en contexto de encierro - 8. Salud en contexto de encierro - 9. Trabajo en contexto de encierro | ||
| 942 | _cBK | ||
| 590 | _aniveau_biblio:m niveau_hierar:0 | ||
| 100 | 1 | _aFreiler, Eduardo Rodolfo | |
| 856 | 4 | 1 |
_uhttps://biblioeco.unsa.edu.ar/pmb/images/libros/Detenidos en Prisi?n preventiva. Jornada de tem?tica Carcelaria.jpg _yImagen de portada _qimage/jpeg |
| 999 |
_c1144 _d1144 |
||